000 02659nam a2200349 a 4500
001 000008928
003 DO-SdBNP
005 20170927112857.0
007 000008928
008 090921s2000 dr 001 p spa d
020 _a9993431044
040 _aBPMSU
_bspa
_cBPMSU
082 4 _aRD861.44
_bB584s
100 1 _aBidó, Victor,
_d1959-
245 1 0 _aSuma presencia :
_b(obras poéticas 1994-1999) /
_cVíctor Bidó.
260 _aSanto Domingo :
_bBiblioteca Nacional,
_c2000.
300 _a121 p. ;
_c23 cm.
490 1 _aBiblioteca Nacional de la República Dominicana
_aPoesía, no. 2
_v4
490 1 _vno. 2
500 _aIncluye datos biográficos del autor en la solapa de la cubierta.
505 0 _gPresentación --
_gPlaneando una fuga --
_tDiario ;
_tEl hombre ;
_tNo muere ;
_tLo inminente ;
_tCielo ;
_tPlaneando una fuga ;
_tMilagro ;
_tIcaro ;
_tOda al jarro ;
_tPor el agua ;
_tLa palabra ;
_tBajo relieve ;
_tVoz del mar ;
_tLa morada ;
_gRegreso constante --
_tRegreso constante ;
_gEl cielo en el espacio ;
_tLa noches de los cuerpos ;
_tParadojas ;
_tEl viajero ;
_tCosas del azar ;
_tDía de San Andrés ;
_tVa por el río --
_t¿Presagio o sueño? ;
_tLa maravilla del río ;
_tLa esencia es ir ;
_tEn la habitación el espejo ;
_tBajo un cielo oscuro como el canto ;
_tQuien mira ;
_tEl vidente y el pájaro ;
_tÁngel caído en el agua ;
_tEl espejo tiene sed ;
_tEl cielo en el espejo ;
_tMis tesoros ;
_tAlgo me inspira este vuelo ;
_tHay noches, la noche ;
_tOtra vez vuelvo sobre mi flaqueza ;
_tBien conduce el alma ;
_tLas ruedas del camino ;
_tEsa flor ;
_tObservancia ;
_tMiro ;
_tBasta mirar ese crepúsculo ;
_tEse instante se refleja ;
_tDialéctica ;
_tHomenaje a E. M. Cioran ;
_gDaría suerte la oculta verdad --
_gAlguien se vuelve y contempla ;
_tHe de reír ante el impacto ;
_tEn el reparto me quedé sin nada ;
_tLa calamidad regresó ;
_tLo migratorio en la envoltura meditando ;
_tPor los rincones del aire, la luz ;
_tSueño del sábado ;
_tAlguien se vuelve y contempla ;
_tEstás al borde del vacío ;
_tMirar el cauce solitario ;
_tPaisaje ;
_tAhogada en soledad ;
_tDía ;
_tNo intento remediar lo dicho ;
_tLa forma prevé la ausencia ;
_tAdosado a lo imposible ;
_tEn la raíz de la cabezuela.
650 4 _aPOESÍA DOMINICANA
650 4 _aLITERATURA DOMINICANA
830 0 _aBiblioteca Nacional de la República Dominicana
_apoesía, no. 2
_vv. 4
910 _aValidado. Control de calidad MFF
942 _2ddc
_cBK
945 _aInventariado, 2017/MFF
956 _aMGARCIA
_b10
_c20090926
_lBND01
_h1105
956 _aBTAVAREZ
_b10
_c20091001
_lBND01
_h1343
956 _aYPOLANCO
_b04
_c20110606
_lBND01
_h1411
956 _aVMATEO
_b10
_c20150429
_lBMET02
_h00151
999 _c7754
_d7754